Pedagogía de la sexualidad /

La educación sexual sigue siendo un tema polémico y quizás la existencia de actitudes enfrentadas pueda ser, entre muchas otras causas posibles, una explicación de por qué llegados al siglo xxi la educación sexual sigue siendo la eterna «asignatura pendiente», a pesar de figurar desde hace tiempo en...

Descripción completa

Detalles Bibliográficos
Autor principal: Font, Pere
Formato: Libro
Lenguaje:español
Publicado: Barcelona ICE 2009
Edición:1a. ed., 4a. reimpr.
Colección:Materiales para la innovación educativa 2
Materias:
Acceso en línea:

MARC

LEADER 00000cam a2200000 a 4500
001 035329
003 UAHC_CL
005 20170803123842.0
008 100511s2009 sp 000 spa
020 |a 9788478270422 
040 |a UAHC_CL  |c UAHC_CL  |d UAHC_CL 
082 0 4 |a 372.372  |b F677  |2 20 
100 1 |a Font, Pere 
245 1 0 |a Pedagogía de la sexualidad /  |c Pere Font. 
250 |a 1a. ed., 4a. reimpr. 
260 |b ICE  |a Barcelona  |c 2009 
300 |a 167 p.  |b il. 
490 0 |a Materiales para la innovación educativa  |v 2 
520 |a La educación sexual sigue siendo un tema polémico y quizás la existencia de actitudes enfrentadas pueda ser, entre muchas otras causas posibles, una explicación de por qué llegados al siglo xxi la educación sexual sigue siendo la eterna «asignatura pendiente», a pesar de figurar desde hace tiempo en los programas educativos oficiales. Este libro se ha planteado como un instrumento de trabajo, útil para todas aquellas personas que, de una manera u otra, son sensibles a esta situación y desean integrar contenidos de sexualidad en las tareas educativas que desarrollan. Sin pretender el recurso (ingenuo) a las fórmulas magistrales, éste es un libro de sugerencias y como tal ha de ser valorado. Sus diferentes propuestas tienen como finalidad ofrecer una visión global de la cuestión, proponer una metodología de trabajo y, en definitiva, servir de referencia y estimular la imaginación creativa del lector a fin de que él mismo pueda realizar su propio proyecto, en función del contexto en el que actúa. 
650 4 |a EDUCACION SEXUAL 
653 |a DOCTORADO EN EDUCACION / MECESUP 
900 |a M372.372 FON 
942 |c BK 
952 |0 0  |1 0  |4 0  |6 M_372_372000000000000_FON  |7 0  |8 General  |9 67092  |a BC  |b BC  |c General  |d 2017-08-03  |o M372.372 FON  |p 1377900  |r 2026-01-13 00:00:00  |t 1  |w 2017-08-03  |y BK 
999 |c 35329  |d 35329